Basic Japanese Language Quiz - Statistics

General Stats
  • This quiz has been taken 73 times
  • The average score is 7 of 10
Answer Stats
Question Answer % Correct
私(わたし)の[ ]はボリス・ジョンソンです。 (My name is Boris Johnson.) 名前(なまえ)
95%
私(わたし)の好(す)きな色(いろ)は[  ]です。 (My favorite color is green.) 緑(みどり)
90%
木曜日(もくようび)の次(つぎ)の日(ひ)は[  ]です。 (The next day of Thursday is Friday.) 金曜日(きんようび)
75%
ラグビーを[  ]のが好(す)きです。 (I like playing rugby.) する
70%
世界(せかい)で一番(いちばん)[  ]国は、ロシアです。 (The biggest country in the world is Russia.) 大(おお)きな
70%
ヒト[  ]チンパンジー[  ]、道具(どうぐ)を使(つか)います。※Each [ ] contains the same word. (Both human and chimpanzee use tools.)
70%
「[  ]。何(なに)をお探(さが)しですか。」 「えっと、青(あお)いTシャツを探しているのですが。」 ("Hello. What are you looking for?" "Well, I want a blue T-shirt.") いらっしゃいませ
63%
「東京(とうきょう)からニューヨークまで、[  ]かかるの。」 「13時間(じかん)くらい。」 ("How long does it take to get from Tokyo to New York?" "About 13 hours.") どのくらい
55%
ANA[  ]JALの方(ほう)が、1年(ねん)早(はや)く設立(せつりつ)されました。 (Japan Airlines established one year earlier than All Nippon Airways.) より
50%
この重(おも)い荷物(にもつ)を持(も)ち上(あ)げ[  ]人(ひと)はいますか。 (Is there anyone who can lift up this heavy baggage?) られる
38%
No matching quizzes found
Score Distribution
Percent of People with Each Score
Percentile by Number Answered
Your Score History
You have not taken this quiz